000 00946nam a2200301 4500
003 EC-UNACH
005 20251016093141.0
006 s||||gr|||| 00| 00
008 150116t9999 mx r gr 000 0 spa d
020 _aS/N
040 _aEC-UNACH
_cEC-UNACH
041 _aspa
082 0 4 _223
_a720.92
_bL001762
110 _aTASCHEN
245 _aMies Van Der Rohe : Casas Houses
250 _aRevista internacional de arquitectura
264 _aEspaña
_bTASCHEN
_cs/f
300 _a270 páginas
_b Ilustraciones
505 _aFachadas cerámicas ventiladas. -- Soluciones creativas para proyectos urbanos. -- Horizontes, suelos y zócalos. -- Ampliación fuchs
650 _aCASA DE MIES
650 _aEXHIBICIONISMO
650 _a CONSTRUCCIÓN DE CASAS
700 _aVan Der Rohe, Mies
942 _c1
_2ddc
999 _c14012